El Ingenioso Hidalgo Don Quijote de la Mancha (Record no. 2565)
[ view plain ]
| 000 -CABECERA | |
|---|---|
| campo de control de longitud fija | 01881nam a2200301 a 4500 |
| 001 - NÚMERO DE CONTROL | |
| campo de control | BRCA_2825 |
| 005 - FECHA Y HORA DE LA ÚLTIMA TRANSACCIÓN | |
| campo de control | 20190320204003.0 |
| 008 - DATOS DE LONGITUD FIJA--INFORMACIÓN GENERAL | |
| campo de control de longitud fija | 091208s1915----sp-a---###---#000-0dspa-u |
| 041 ## - CÓDIGO DE LENGUA | |
| Código de lengua del texto/banda sonora o título independiente | spa |
| 044 ## - CÓDIGO DEL PAÍS DE LA ENTIDAD EDITORA/PRODUCTORA | |
| Código MARC del país | sp |
| 084 ## - OTRO NÚMERO DE CLASIFICACIÓN | |
| Número de clasificación | 261 |
| Número de documento/Ítem | .S67 |
| -- | 1915 |
| 100 1# - ENTRADA PRINCIPAL--NOMBRE DE PERSONA | |
| Nombre de persona | Cervantes Saavedra, Miguel de |
| Fechas asociadas al nombre | 1547-1616 |
| 9 (RLIN) | 213 |
| 245 10 - MENCIÓN DE TÍTULO | |
| Título | El Ingenioso Hidalgo Don Quijote de la Mancha |
| Mención de responsabilidad, etc. | Miguel de Cervantes de Saavedra. |
| 260 ## - PUBLICACIÓN, DISTRIBUCIÓN, ETC. | |
| Lugar de publicación, distribución, etc. | Barcelona |
| Nombre del editor, distribuidor, etc. | Ramón Sopena |
| Fecha de publicación, distribución, etc. | 1915 |
| 300 ## - DESCRIPCIÓN FÍSICA | |
| Extensión | 892 p. |
| Otras características físicas | il. |
| Dimensiones | 18 cm. |
| 500 ## - NOTA GENERAL | |
| Nota general | Contenido : Primera parte. Vida y obra de Cervantes por A. Herrero M. Aprobaciones y licencias de la edición príncipe. Dedicatoria del autor. Prólogo del autor. Versos preliminares. Texto. Segunda parte. Tasa. Privilegio. Dedicatoria del autor. Prólogo del autor. Texto |
| 500 ## - NOTA GENERAL | |
| Nota general | Contiene esta edición: Noticia sobre la vida y obra de Cervantes por A. Herrero Miguel, curiosa iniciación bibliográfica y preliminares de la edición príncipe. Tanto la Vida y obras de Cervantes, como la Iniciación bibliografica, merecen alabanza por el caudal de noticias que encierran, si bien no aportan nada nuevo. La parte tipográfica es aceptable, papel fino. Las láminas y grabados, son expresivos y ben ejecutados. Cubierta adornada con un retrato de Cervantes y un motivo quijotil de varios colores Lúdovik Osterc |
| 500 ## - NOTA GENERAL | |
| Nota general | Estado físico : Anotaciones con pluma en la portada |
| 500 ## - NOTA GENERAL | |
| Nota general | La biblioteca cuenta con un 2do. ejemplar donado por el Dr. Héctor Rivero Borrell Vázquez (No. de sistema 2024) |
| 500 ## - NOTA GENERAL | |
| Nota general | QMB61 |
| 650 14 - PUNTO DE ACCESO ADICIONAL DE MATERIA--TÉRMINO DE MATERIA | |
| Término de materia o nombre geográfico como elemento de entrada | Novela española |
| Subdivisión cronológica | Época clásica, 1500-1700 |
| 9 (RLIN) | 215 |
| 650 14 - PUNTO DE ACCESO ADICIONAL DE MATERIA--TÉRMINO DE MATERIA | |
| Término de materia o nombre geográfico como elemento de entrada | Literatura española |
| Subdivisión cronológica | Época clásica, 1500-1700 |
| 9 (RLIN) | 216 |
| 650 14 - PUNTO DE ACCESO ADICIONAL DE MATERIA--TÉRMINO DE MATERIA | |
| Término de materia o nombre geográfico como elemento de entrada | Novela española |
| Subdivisión cronológica | Siglo XVII |
| 9 (RLIN) | 217 |
| 650 14 - PUNTO DE ACCESO ADICIONAL DE MATERIA--TÉRMINO DE MATERIA | |
| Término de materia o nombre geográfico como elemento de entrada | Don Quijote (Personaje ficticio) |
| Término indicativo de función/relación | Novela |
| 9 (RLIN) | 218 |
| 740 0# - PUNTO DE ACCESO ADICIONAL--TÍTULO RELACIONADO O ANALÍTICO NO CONTROLADO | |
| Título relacionado o analítico no controlado | El Ingenioso Hidalgo Don Quijote de la Mancha |
| 902 ## - CATALOGADOR | |
| Iniciales | QFM |
| 942 ## - ELEMENTOS DE PUNTO DE ACCESO ADICIONAL (KOHA) | |
| Fuente del sistema de clasificación o colocación | Library of Congress Classification |
| Tipo de ítem Koha | Libros |
| Estado de retiro | Estado de pérdida | Estado dañado | No para préstamo | Localización permanente | Ubicación/localización actual | Fecha de adquisición | Número de inventario | Total de préstamos | Signatura topográfica completa | Código de barras | Fecha visto por última vez | Precio válido a partir de | Tipo de ítem Koha |
|---|---|---|---|---|---|---|---|---|---|---|---|---|---|
| El ejemplar forma parte de la colección y puede ser consultado según las políticas vigentes. | Biblioteca del Museo Franz Mayer (Rogerio Casas-Alatriste) | Biblioteca del Museo Franz Mayer (Rogerio Casas-Alatriste) | 09/12/2008 | QMB61 | 261 .S67 1915 (QMB61) | 2822 | 22/03/2019 | 22/03/2019 | Libros |